<?xml version="1.0" encoding="UTF-8"?>
<collection xmlns="http://www.loc.gov/MARC21/slim">
 <record>
  <leader>01409nam a2200205Ia 4500</leader>
  <controlfield tag="001">CTU_152104</controlfield>
  <controlfield tag="008">210402s9999    xx            000 0 und d</controlfield>
  <datafield tag="020" ind1=" " ind2=" ">
   <subfield code="c">26000</subfield>
  </datafield>
  <datafield tag="082" ind1=" " ind2=" ">
   <subfield code="a">658.4</subfield>
  </datafield>
  <datafield tag="082" ind1=" " ind2=" ">
   <subfield code="b">J66</subfield>
  </datafield>
  <datafield tag="100" ind1=" " ind2=" ">
   <subfield code="a">Johnson, Joe</subfield>
  </datafield>
  <datafield tag="245" ind1=" " ind2="0">
   <subfield code="a">Kiểm soát nguồn lực vật chất để quản lý kho hiệu quả hơn</subfield>
  </datafield>
  <datafield tag="245" ind1=" " ind2="0">
   <subfield code="c">Joe Johnson ; Fiona Carey, Diana Thomas ( biên tập )</subfield>
  </datafield>
  <datafield tag="260" ind1=" " ind2=" ">
   <subfield code="a">Thành phố Hồ Chí Minh</subfield>
  </datafield>
  <datafield tag="260" ind1=" " ind2=" ">
   <subfield code="b">Trẻ</subfield>
  </datafield>
  <datafield tag="260" ind1=" " ind2=" ">
   <subfield code="c">2005</subfield>
  </datafield>
  <datafield tag="520" ind1=" " ind2=" ">
   <subfield code="a">Cuốn sách nằm trong bộ sách: Quản trị Sản xuất và Vận hành, xem xét các khía cạnh khác nhau của việc quản lý và kiểm soát nguồn lực, bao gồm thu mua, tồn trữ, sử dụng và bảo quản. Sách nghiên cứu về hai loại nguồn lực thiết bị và vật liệu; chức năng quản lí thiết bị và quản lí nguồn lực vật liệu: lập kế hoạch, thu mua, bố trí, sử dụng thiết bị, hoạch định, tồn trữ và bảo đảm an toàn cho vật liệu. Xác lập và kiểm soát các mức tồn kho</subfield>
  </datafield>
  <datafield tag="650" ind1=" " ind2=" ">
   <subfield code="a">Executives management,Quản trị điều hành,Business management,Quản trị kinh doanh</subfield>
  </datafield>
  <datafield tag="904" ind1=" " ind2=" ">
   <subfield code="i">Kiều Nguyên</subfield>
  </datafield>
  <datafield tag="980" ind1=" " ind2=" ">
   <subfield code="a">Trung tâm Học liệu Trường Đại học Cần Thơ</subfield>
  </datafield>
 </record>
</collection>
